00437nam a2200133Ia 4500008004100000082001500041100001800056245004100074260003000115300000900145942001200154999001900166952011800185210430s9999 xx 000 0 und d a530 K391 P aDonald Q.Kern aProcess Heat TransfercDonald Q.Kern aNew yorkbGraw-Hillc1950 a871p cBK2ddc c564198d564198 001040708REFaSCMEbSCMEcGENd0000-00-00l1m1o530 K391 PpSCME-3393r2025-09-15s2023-04-28w2021-04-30yBK